[Event "IND-chT 43rd"]
[Site "Dharamshala"]
[Date "2024.03.29"]
[Round "1.3"]
[White "Swapnil, S Dhopade"]
[Black "Rupesh, B Ramchandra"]
[Result "1-0"]
[WhiteElo "2454"]
[BlackElo "1819"]
[PlyCount "105"]
[EventDate "2024.03.29"]
[EventType "team-swiss"]
[EventRounds "9"]
[EventCountry "IND"]
[SourceTitle "CB15_2024"]
[SourceDate "2024.04.10"]
[SourceVersion "1"]
[SourceVersionDate "2024.04.10"]
[SourceQuality "1"]
[WhiteTeam "Railway Sport PB II"]
[BlackTeam "Bihar"]
[WhiteTeamCountry "IND"]
[BlackTeamCountry "IND"]

1. d4 Nf6 2. c4 e6 3. Nf3 Bb4+ 4. Bd2 Qe7 5. g3 Bxd2+ 6. Qxd2 d5 7. Bg2 Ne4 8. Qc2 Nc6 9. 0-0 0-0 10. Nc3 Nxc3 11. Qxc3 Qb4 12. Rfc1 Qxc3 13. Rxc3 Ne7 14. cxd5 Nxd5 15. Rb3 Rd8 16. Rc1 c6 17. Ne5 Nb6 18. e3 f6 19. Nd3 e5 20. dxe5 Be6 21. Ra3 Nc4 22. Nc5 Bd5 23. e4 Nxa3 24. exd5 cxd5 25. bxa3 fxe5 26. Nxb7 Rd7 27. Rd1 Rb8 28. Nc5 Rd6 29. Bxd5+ Kh8 30. Ne4 Rd7 31. Kg2 Rbd8 32. Nc3 e4 33. Rb1 g6 34. Bxe4 Rd2 35. Re1 Rc8 36. Re2 Rxe2 37. Nxe2 Rc4 38. Bd5 Ra4 39. Bb3 Rxa3 40. f4 Ra5 41. Kf3 g5 42. h4 gxf4 43. gxf4 Rc5 44. Ng3 a5 45. f5 a4 46. Bxa4 Rc3+ 47. Kg2 Rc4 48. Bb3 Rxh4 49. f6 Rb4 50. f7 Rb8 51. Ne4 Kg7 52. Nc5 Rxb3 53. axb3 1-0

[Event "Asia-ch Blitz U20"]
[Site "Jamshedpur"]
[Date "2023.09.15"]
[Round "1"]
[White "Rupesh, B Ramchandra"]
[Black "Manish, Anto Cristiano F"]
[Result "0-1"]
[WhiteElo "1649"]
[BlackElo "2254"]
[PlyCount "68"]
[EventDate "2023.09.15"]
[EventType "swiss (blitz)"]
[EventRounds "9"]
[EventCountry "IND"]
[SourceTitle "EXT 2024"]
[Source "ChessBase"]
[SourceDate "2023.10.10"]
[SourceVersion "1"]
[SourceVersionDate "2023.10.10"]
[SourceQuality "1"]

1. e4 c5 2. Nc3 Nc6 3. Bb5 g6 4. Nf3 Bg7 5. Bc4 e6 6. 0-0 Nge7 7. Re1 0-0 8. d3 d5 9. exd5 exd5 10. Bb5 a6 11. Bxc6 Nxc6 12. h3 b5 13. Ne2 Re8 14. Ng3 Bb7 15. c3 d4 16. Bg5 Qd5 17. Qd2 dxc3 18. bxc3 Ne5 19. Ne4 Nxf3+ 20. gxf3 Qf5 21. Kg2 c4 22. Qf4 Qxf4 23. Bxf4 Bxe4 24. Rxe4 cxd3 25. Rd1 Red8 26. Bd2 Rac8 27. Rc1 Rc4 28. Re7 b4 29. cxb4 Rxc1 30. Bxc1 d2 31. Bxd2 Rxd2 32. a4 Rd4 33. Re8+ Bf8 34. Rb8 Rxb4 0-1

[Event "Asia-ch Rapid U20"]
[Site "Jamshedpur"]
[Date "2023.09.08"]
[Round "2"]
[White "Aarav, Sarbalia"]
[Black "Rupesh, B Ramchandra"]
[Result "0-1"]
[WhiteElo "1398"]
[BlackElo "1649"]
[PlyCount "110"]
[EventDate "2023.09.08"]
[EventType "swiss (rapid)"]
[EventRounds "9"]
[EventCountry "IND"]
[SourceTitle "EXT 2024"]
[Source "ChessBase"]
[SourceDate "2023.10.10"]
[SourceVersion "1"]
[SourceVersionDate "2023.10.10"]
[SourceQuality "1"]

1. e4 c5 2. Nf3 e6 3. c4 Nc6 4. d4 cxd4 5. Nxd4 a6 6. Nc3 Qc7 7. Be2 Nf6 8. 0-0 Bb4 9. Nxc6 bxc6 10. Bd3 h6 11. Qe2 e5 12. Bd2 Bc5 13. Nd1 d6 14. Ne3 Be6 15. Rab1 a5 16. Nc2 Qe7 17. Be3 Bxe3 18. Nxe3 Nd7 19. Rbd1 Nc5 20. Bb1 0-0 21. Qd2 Rfd8 22. f3 a4 23. Qf2 Rab8 24. Rd2 f6 25. Rfd1 Rd7 26. Qe2 g6 27. Qf2 Kg7 28. h4 h5 29. Kh1 Bf7 30. Qg3 Kh7 31. Qf2 Ne6 32. g3 Nd4 33. Bc2 Rxb2 34. Bxa4 Rxd2 35. Rxd2 Rb7 36. Nc2 c5 37. Nxd4 cxd4 38. Bb3 Qd7 39. Kg2 Be6 40. Qe2 Qc6 41. Qd3 Rb4 42. Rc2 Qb6 43. Rd2 Qa5 44. Rc2 Qb6 45. Rd2 Qd8 46. Rc2 f5 47. Re2 f4 48. Qd2 Bxc4 49. Bxc4 Rxc4 50. gxf4 Qxh4 51. fxe5 dxe5 52. Qb2 Qg5+ 53. Kh2 Rc1 54. Qd2 Qh4+ 55. Kg2 Qh1+ 0-1

[Event "Asia-ch Rapid U20"]
[Site "Jamshedpur"]
[Date "2023.09.08"]
[Round "9"]
[White "Rupesh, B Ramchandra"]
[Black "Mohd, Tabseer Alam"]
[Result "1-0"]
[WhiteElo "1649"]
[BlackElo "1421"]
[PlyCount "105"]
[EventDate "2023.09.08"]
[EventType "swiss (rapid)"]
[EventRounds "9"]
[EventCountry "IND"]
[SourceTitle "EXT 2024"]
[Source "ChessBase"]
[SourceDate "2023.10.10"]
[SourceVersion "1"]
[SourceVersionDate "2023.10.10"]
[SourceQuality "1"]

1. d4 Nf6 2. Bf4 d5 3. Nc3 c6 4. e3 Bf5 5. Bd3 Bg6 6. h4 e6 7. h5 Bxd3 8. cxd3 Bd6 9. Be5 h6 10. f4 Bxe5 11. dxe5 Nfd7 12. Nf3 Qb6 13. Qe2 c5 14. 0-0 0-0 15. f5 exf5 16. Nxd5 Qd8 17. Nf4 Re8 18. d4 Nc6 19. Qd3 Nf8 20. Rad1 cxd4 21. Qxf5 d3 22. Nxd3 Qc7 23. Rc1 Rad8 24. Nd4 Qd7 25. Qxd7 Rxd7 26. Nc5 Nxd4 27. exd4 Rxd4 28. Nxb7 Rxe5 29. Rc8 Rd7 30. Nc5 Rde7 31. Rd1 Re8 32. Rxe8 Rxe8 33. b4 Rc8 34. Rd5 g6 35. g4 gxh5 36. gxh5 Nh7 37. a4 Nf6 38. Rf5 Kg7 39. a5 Nh7 40. Rd5 Nf6 41. Re5 Rb8 42. Na6 Rd8 43. b5 Rd5 44. Rxd5 Nxd5 45. Nc5 Kf6 46. Kf2 Ke7 47. Ne4 f5 48. Ng3 Kf6 49. Kf3 Kg5 50. Ne2 Kxh5 51. Nf4+ Nxf4 52. Kxf4 Kg6 53. b6 1-0

[Event "Asia-ch Rapid U20"]
[Site "Jamshedpur"]
[Date "2023.09.08"]
[Round "7"]
[White "Rupesh, B Ramchandra"]
[Black "Nishanth, Dsouza"]
[Result "0-1"]
[WhiteElo "1649"]
[BlackElo "1388"]
[PlyCount "80"]
[EventDate "2023.09.08"]
[EventType "swiss (rapid)"]
[EventRounds "9"]
[EventCountry "IND"]
[SourceTitle "EXT 2024"]
[Source "ChessBase"]
[SourceDate "2023.10.10"]
[SourceVersion "1"]
[SourceVersionDate "2023.10.10"]
[SourceQuality "1"]

1. e4 c5 2. Nc3 e6 3. f4 d5 4. Bb5+ Bd7 5. exd5 exd5 6. Qf3 Bxb5 7. Nxb5 Nf6 8. Ne2 Nc6 9. 0-0 a6 10. Na3 Be7 11. d3 0-0 12. c3 Rc8 13. Ng3 Qd7 14. Nc2 Bd8 15. Ne3 Ne7 16. f5 Nc6 17. Nh5 Nxh5 18. Qxh5 Ne5 19. Ng4 Nxg4 20. Qxg4 Rc6 21. Rf3 Bf6 22. Rg3 Kh8 23. Bf4 Re8 24. Qh5 c4 25. Rh3 h6 26. d4 Kg8 27. Rf1 Re4 28. g4 Qe7 29. Rg3 Rb6 30. g5 hxg5 31. Rh3 g6 32. Qh7+ Kf8 33. fxg6 fxg6 34. Bxg5 Rg4+ 35. Kh1 Qe4+ 36. Rhf3 Rxg5 37. Qc7 Re6 38. Qd8+ Kg7 39. Qd7+ Re7 40. Qd6 Qxf3+ 0-1